000 01798nam a22004817a 4500
001 000095649
003 CHAP
005 20220817044110.0
008 060428d2006 mx abd r 00110 spa d
010 _a92115
011 _a93087
035 _a103658
040 _cCHAP
090 _aTesis
100 1 _aCordero Cortés, Patricia.
_927948
245 1 0 _aProcedimientos para la formación de valor agregado en proyectos de turismo alternativo /
_c/por Patricia Cordero Cortés.
260 _aChapingo, Méx. :
_bEl autor,
_c2006.
300 _a138 h. :
_bilus. ; gráfs. ; mapas ; cuadros ; diagramas.
502 _aTesis (Ing. Agr. Esp. en Economía Agrícola) -- UACH. División de Ciencias Económico Administrativas
590 _aALEPH
_b10
_c20130110
_lUCH01
_h1511
590 _aBATCH-UPD
_b10
_c20130110
_lUCH01
_h0816
590 _aBATCH-UPD
_b10
_c20130410
_lUCH01
_h0453
590 _aBATCH-UPD
_b10
_c20130914
_lUCH01
_h1234
590 _aBATCH-UPD
_b10
_c20140324
_lUCH01
_h1456
590 _aBATCH-UPD
_b10
_c20141002
_lUCH01
_h0830
590 _aBATCH
_b00
_c20181121
_lUCH01
_h0759
590 _aCONVERSION
_b10
_c20130109
_lUCH01
_h1351
590 _aE11695DGD
_b10
_c20130531
_lUCH01
_h1049
650 1 4 _aEconomía ecológica.
_935272
650 1 4 _aEcoturismo.
_935298
650 1 4 _aMedio ambiente.
_974065
650 1 4 _aRecursos naturales
_xConservación.
650 1 4 _aTurismo.
_9115606
650 1 4 _aTurismo
_zMéxico.
_9115619
856 _3Finding aid
_uhttp://10.13.5.2/tesis/103658.pdf
_zTeclea aquí
856 _a1
_n0001710
901 _aBK
905 _aMarco A. Mendoza T.
942 _cCD
942 _n0
949 _aTesis
_bBC
_cTES
_d00000001036581
_eTS1
_gDonaciØn
_h45099
_i103658
_sb
949 _aTesis
_bBC
_cTES
_d33724000997938
_eTS2
_fc.2
_gDonaciØn
_h45100
_i103658
_si
999 _c92115
_d92115